000 00585nam a22002057a 4500
005 20230531022726.0
008 221220b |||||||| |||| 00| 0 eng d
020 _a971-817-063-4
082 _aGrad./Fil. 001.4 C352 2012
100 _aCastillo, Fely S.
_eauthor
245 _aModern concepts on thesis and dissertation writing /
_cFely S. Castillo
250 _arev. ed.
260 _aManila:
_bBooklore Publishing,
_cc2012.
300 _axi, 168p.
504 _aIncludes bibliographies
541 _e3808
650 _aResearch
650 _aDissertation
650 _aThesis
999 _c415
_d415